• 首页
  • 本馆介绍
  • 公告通知
  • 最新文献
  • 馆藏检索
  • 电子资源
  • 读者导购
  • 参考咨询
  • 我的图书馆
  • 登录
  • 详细信息显示
  • 放入我的书架
  • 预约/预借图书
  • 作者相关作品
  • 分类相关作品
  • 丛书相关作品
  • 出版社相关作品

书目信息

  • 表格格式
  • 工作单格式
  • 卡片格式
题名:
中小学班级管理
    
 
作者: 刘正荣 主编
分册:  
出版信息: 北京   知识产权出版社  2011
页数: 212页
开本: 26cm
丛书名: 一线教育家书库
单 册:
中图分类: G632.42 , G635.16
科图分类:
主题词: 班级--ban ji--学校管理--中小学--研究 , 班主任工作--ban zhu ren gong zuo--研究--中小学
电子资源:
ISBN: 978-7-5130-0710-8
000 01085nam 22003131 450
001 012001002408
005 20131028155800.0
010    @a978-7-5130-0710-8@dCNY36.00
099    @aCAL 012011439973
100    @a20111031d2011 ekmy0chiy0120 ea
101 0  @achi
102    @aCN@b110000
105    @aak a 000yy
106    @ar
200 1  @a中小学班级管理@Azhong xiao xue ban ji guan li@e从技巧与技术@f主编刘正荣
210    @a北京@c知识产权出版社@d2011
215    @a212页@c图@d26cm
225 2  @a一线教育家书库@Ayi xian jiao yu jia shu ku
300    @a全国教育科学“十一五”规划课题《研训一体教师成长模式研究》研究成果 全国中(职)小学一线班主任研训一体专业化成长培训指导用书
320    @a有书目 (第210页)
410  0 @12001@a一线教育家书库
517 1  @a从技巧与技术@Acong ji qiao yu ji shu
606 0  @a班级@Aban ji@x学校管理@x中小学@x研究
606 0  @a班主任工作@Aban zhu ren gong zuo@x研究@x中小学
690    @aG632.42@v4
690    @aG635.16@v4
701  0 @a刘正荣@Aliu zheng rong@4主编
801  2 @aCN@b江苏凤凰@c20191020
905    @b1228912-5@dG632.42@e744@f4
    
    中小学班级管理:从技巧与技术/主编刘正荣.-北京:知识产权出版社,2011
    212页:图;26cm.-(一线教育家书库)
    全国教育科学“十一五”规划课题《研训一体教师成长模式研究》研究成果 全国中(职)小学一线班主任研训一体专业化成长培训指导用书
    
    ISBN 978-7-5130-0710-8:CNY36.00
    
●
相关链接 在E读中查询图书 在五车中查询图书 在当当中查询图书 在豆瓣中查询图书


正题名:中小学班级管理     索取号:G632.42/744         预约/预借

序号 登录号 条形码 馆藏地/架位号 状态 备注
1 1228912   212289129   第一样本阅览室/ [索取号:G632.42/744] 在馆    
2 1228913   212289138   教育系资料室/ [索取号:G632.42/744] 在馆    
3 1228914   212289147   教育系资料室/ [索取号:G632.42/744] 在馆    
4 1228915   212289156   第四借阅区/ [索取号:G632.42/744] 在馆    
唐山师范学院图书馆 欢迎您!
大连网信软件有限公司© 版权所有